Sociálne dimenzie inovácií
Autori zaoberajúci sa inováciami, sociálnymi inováciami. Za najväčšie prínosy sociálnych inovácií považujeme rozvoj sociálnych služieb, rozvoj zamestnanosti, rozvoj sektoru sociálnych služieb, rozvoj sociálneho potenciálu lokalít, osvojovanie decentralizovaných kompetencií samosprávnych orgánov v...
Saved in:
| Main Author: | |
|---|---|
| Format: | Book Chapter |
| Language: | Slovak |
| Subjects: | |
| Tags: |
No Tags, Be the first to tag this record!
|
MARC
| LEADER | 00000nla a2200000 4500 | ||
|---|---|---|---|
| 001 | 0213379 | ||
| 005 | 20240523115919.5 | ||
| 041 | 0 | |a slo | |
| 044 | |a SK | ||
| 245 | 1 | 0 | |a Sociálne dimenzie inovácií |c Martin Matušovič |
| 520 | |a Autori zaoberajúci sa inováciami, sociálnymi inováciami. Za najväčšie prínosy sociálnych inovácií považujeme rozvoj sociálnych služieb, rozvoj zamestnanosti, rozvoj sektoru sociálnych služieb, rozvoj sociálneho potenciálu lokalít, osvojovanie decentralizovaných kompetencií samosprávnych orgánov v sociálnej oblasti, nové stratégie sociálnej pomoci odkázaným, sociálnu inklúziu, boj s nezamestnanosťou, udržateľný sociálny rozvoj, integráciu znevýhodnených, osobné sociálne služby a iné. | ||
| 610 | 2 | 0 | |a podnik |
| 610 | 2 | 0 | |a inovácia |
| 610 | 2 | 0 | |a výkonnosť inovačná |
| 610 | 2 | 0 | |a politika sociálna podniková |
| 610 | 2 | 0 | |a služby sociálne |
| 610 | 2 | 0 | |a začlenenie sociálne |
| 610 | 2 | 0 | |a rozvoj sociálny |
| 100 | 1 | |a Matušovič, Martin | |